[Event "AUTO-MASTER-2402"]
[Site "http://www.queenalice.com/game.php?id=1399307"]
[Date "2015.12.17"]
[Round "1"]
[White "bvb09"]
[Black "leduar"]
[Result "0-1"]
[WhiteElo "1989"]
[BlackElo "2133"]

1. d4 f5 2. Nf3 Nf6 3. Bg5 e6 4. e3 d5 5. Be2 Bd6 6. O-O O-O 7. Nbd2 c6 8. c3
Bd7 9. Bf4 Qc7 10. Bxd6 Qxd6 11. Qc2 Be8 12. Ne5 Nbd7 13. Ndf3 Bh5 14. Nxd7 Nxd7
15. Ng5 Bg6 16. Qd2 Rf6 17. Nh3 Bf7 18. f4 Rh6 19. Ng5 Bh5 20. Bxh5 Rxh5 21. Qe2
Nf6 22. h3 h6 23. Nf3 g5 24. fxg5 hxg5 25. Ne5 Kg7 26. Rae1 Rah8 27. Qf3 Ne4 0-1

[Event "AUTO-MASTER-2402"]
[Site "http://www.queenalice.com/game.php?id=1399308"]
[Date "2015.12.17"]
[Round "1"]
[White "leduar"]
[Black "bvb09"]
[Result "0-1"]
[WhiteElo "2141"]
[BlackElo "1991"]

1. e4 c5 2. Nf3 d6 3. d4 cxd4 4. Nxd4 a6 5. c4 Nf6 6. f3 h6 7. Nc3 Bd7 8. Be3 e6
9. Be2 Be7 10. O-O Nc6 11. Qd2 O-O 12. f4 Nxd4 13. Bxd4 Bc6 14. Bd3 e5 15. fxe5
dxe5 16. Bxe5 Nxe4 17. Qc2 Bc5+ 18. Kh1 Nf2+ 19. Rxf2 Bxf2 20. Rd1 Qg5 21. Qxf2
Qxe5 22. Re1 Qg5 23. h4 Qg4 24. Re3 Rae8 25. Rg3 Qxh4+ 26. Kg1 Qe7 27. Kf1 Qe5
28. Nd1 Re6 29. Re3 Qh5 30. Ke1 Rxe3+ 31. Nxe3 Rd8 32. Bf1 Qa5+ 33. b4 Qxb4+ 34.
Ke2 Qd2# 0-1

[Event "Challenge"]
[Site "http://www.queenalice.com/game.php?id=1400414"]
[Date "2015.12.25"]
[Round "-"]
[White "alexraponi"]
[Black "bvb09"]
[Result "0-1"]
[WhiteElo "1845"]
[BlackElo "2054"]

1. Nf3 d5 2. d4 Nf6 3. h3 e6 4. a3 Bd6 5. Nc3 h6 6. Nb5 Be7 7. Bf4 Na6 8. e3 c6
9. Nc3 Nc7 10. Bh2 O-O 11. Bd3 Nce8 12. O-O a5 13. e4 dxe4 14. Nxe4 Nxe4 15.
Bxe4 Nf6 16. Bd3 b6 17. c3 Bb7 18. Bc2 Qd5 19. Qd3 Ba6 20. Qd1 Bxf1 21. Qxf1 c5
22. Be5 cxd4 23. cxd4 Rac8 24. Qd3 Qc4 25. Bxf6 Qxd3 26. Bxd3 Bxf6 27. Ba6 Rc2
28. Rb1 Rd8 29. Bd3 Rc6 30. Bb5 Rcd6 31. b4 Bxd4 32. bxa5 bxa5 33. a4 Rc8 34.
Nh2 Rc2 35. Rf1 e5 36. Ng4 h5 37. Nh2 e4 38. g4 Rf6 39. g5 Rfxf2 40. Rxf2 Bxf2+
41. Kg2 Bh4+ 42. Kh1 Bxg5 43. Kg1 Bf4 44. Nf1 e3 45. h4 e2 46. Kf2 exf1=Q+ 47.
Kxf1 Bg3 48. Bd3 Ra2 49. Bb5 Bxh4 50. Kg1 g5 51. Kf1 Kg7 52. Kg1 f5 53. Kf1 g4
54. Kg1 f4 55. Kf1 f3 56. Kg1 Ra1+ 57. Kh2 g3+ 0-1

[Event "Challenge"]
[Site "http://www.queenalice.com/game.php?id=1400415"]
[Date "2015.12.25"]
[Round "-"]
[White "bvb09"]
[Black "alexraponi"]
[Result "1-0"]
[WhiteElo "2032"]
[BlackElo "1894"]

1. d4 d5 2. Bf4 h6 3. Nf3 Nc6 4. e3 a6 5. Bd3 Nf6 6. c3 e6 7. Nbd2 Bd6 8. O-O
Bxf4 9. exf4 O-O 10. Ne5 Nxe5 11. fxe5 Nh7 12. Qc2 g6 13. f4 Kg7 14. Rf3 Qh4 15.
Raf1 Bd7 16. Rg3 Qh5 17. c4 dxc4 18. Nxc4 f6 19. Bxg6 Qh4 20. Bxh7+ Kf7 21. Qg6+
Ke7 22. Rg4 Be8 23. Qg7+ Rf7 24. Qxf7+ Bxf7 25. Rxh4 f5 26. Rxh6 a5 27. Bg6 Bxg6
28. Rxg6 Kf7 29. Rh6 Rc8 30. Nxa5 Ra8 31. Nxb7 Rxa2 32. Rh7+ Kg6 33. Rxc7 Rxb2
34. Nc5 Rd2 35. Nxe6 Kh6 36. Nf8 Rxd4 37. Rh7# 1-0

[Event "Challenge"]
[Site "http://www.queenalice.com/game.php?id=1406467"]
[Date "2016.1.27"]
[Round "-"]
[White "bvb09"]
[Black "Rommel"]
[Result "1-0"]
[WhiteElo "2067"]
[BlackElo "1987"]

1. d4 Nf6 2. Nf3 e6 3. e3 b6 4. c4 Bb7 5. Bd3 c5 6. O-O d5 7. cxd5 exd5 8. dxc5
Bxc5 9. Qa4+ Bc6 10. Qc2 O-O 11. Nbd2 Bb7 12. b3 Nbd7 13. Bb2 Rc8 14. Qb1 Re8
15. Bb5 Bc6 16. Ba6 Rc7 17. Qf5 Bb7 18. Bxb7 Rxb7 19. Rfd1 Qe7 20. Nf1 Qe6 21.
Ng3 h6 22. Qd3 Bd6 23. Nd4 Qg4 24. h3 Qg5 25. Ngf5 Bb8 26. Nc6 Nc5 27. Bxf6 Qxf6
28. Qxd5 Rd7 29. Qf3 Nd3 30. Nfe7+ Kh8 31. Qxf6 gxf6 32. Nf5 Kh7 33. Rd2 Ne5 34.
Rxd7 Nxd7 35. Rd1 Nf8 36. Rd4 Rc8 37. Nxb8 Rxb8 38. Rh4 Kg6 39. g4 Kh7 40. Rxh6+
Kg8 41. Rxf6 Rb7 42. Kg2 Rd7 43. Rd6 Rc7 44. Rd2 Ne6 45. h4 Nc5 46. f3 Kh7 47.
Kg3 1-0

[Event "AUTO-OPEN-3551"]
[Site "http://www.queenalice.com/game.php?id=1408129"]
[Date "2016.2.8"]
[Round "2"]
[White "Rafale2000"]
[Black "bvb09"]
[Result "0-1"]
[WhiteElo "1942"]
[BlackElo "2042"]

1. e4 c5 2. Nf3 Nc6 3. d4 cxd4 4. Nxd4 e5 5. Nb5 a6 6. Nd6+ Bxd6 7. Qxd6 Qf6 8.
Qd3 Nge7 9. Bd2 O-O 10. a3 Rd8 11. Nc3 Nd4 12. O-O-O d5 13. Be3 dxe4 14. Qxe4
Bf5 15. Qf3 Nxf3 0-1

[Event "AUTO-OPEN-3551"]
[Site "http://www.queenalice.com/game.php?id=1408130"]
[Date "2016.2.8"]
[Round "2"]
[White "bvb09"]
[Black "Rafale2000"]
[Result "1-0"]
[WhiteElo "2054"]
[BlackElo "1971"]

1. d4 Nf6 2. Nf3 c5 3. c3 e6 4. Bf4 d5 5. e3 Nc6 6. Be2 Bd6 7. Bxd6 Qxd6 8. Nbd2
Bd7 9. O-O O-O 10. Qc2 Rac8 11. dxc5 Qc7 12. b4 a6 13. a3 b5 14. a4 bxa4 15.
Bxa6 Ra8 16. Bd3 Ne5 17. Nxe5 Qxe5 18. Nf3 Qb8 19. e4 dxe4 20. Bxe4 Nxe4 21.
Qxe4 Rc8 22. Ne5 Qb5 23. c4 Bc6 24. cxb5 Bxe4 25. Rfe1 Bc2 26. Nd7 Rd8 27. c6
Rxd7 28. cxd7 Kf8 29. Rec1 1-0

[Event "AUTO-OPEN-3551"]
[Site "http://www.queenalice.com/game.php?id=1408139"]
[Date "2016.2.8"]
[Round "2"]
[White "bvb09"]
[Black "rubenov"]
[Result "0-1"]
[WhiteElo "2084"]
[BlackElo "1964"]

1. d4 d5 2. Nf3 Nf6 3. Bf4 Nc6 4. e3 a6 5. Bd3 Bg4 6. h3 Bh5 7. Nbd2 e6 8. O-O
Be7 9. c3 O-O 10. Re1 h6 11. e4 Bg6 0-1

[Event "AUTO-OPEN-3551"]
[Site "http://www.queenalice.com/game.php?id=1408140"]
[Date "2016.2.8"]
[Round "2"]
[White "rubenov"]
[Black "bvb09"]
[Result "1-0"]
[WhiteElo "1985"]
[BlackElo "2063"]

1. d4 d5 2. Bg5 h6 3. Bh4 g5 4. Bg3 Bg7 5. e3 a6 6. Nc3 Nf6 7. Bd3 Nbd7 8. Nf3
c6 9. O-O c5 10. Ne5 c4 11. Be2 1-0

[Event "AUTO-INT-3052"]
[Site "http://www.queenalice.com/game.php?id=1410624"]
[Date "2016.2.22"]
[Round "2"]
[White "pariolinius"]
[Black "bvb09"]
[Result "0-1"]
[WhiteElo "1775"]
[BlackElo "2044"]

1. d4 d5 2. Nf3 Bf5 3. Bg5 h6 4. Bh4 g5 5. Bg3 Bg7 6. e3 c6 7. Be2 Nd7 8. Nbd2
Ngf6 9. Nb3 Ne4 10. Nc5 Ndxc5 11. dxc5 Bxb2 12. Rb1 Qa5+ 13. Kf1 Qxa2 14. Be5
Bxe5 15. Nxe5 Qxb1 16. Ke1 Qxd1+ 17. Bxd1 Nxc5 0-1

[Event "AUTO-INT-3052"]
[Site "http://www.queenalice.com/game.php?id=1410625"]
[Date "2016.2.22"]
[Round "2"]
[White "bvb09"]
[Black "pariolinius"]
[Result "1-0"]
[WhiteElo "2049"]
[BlackElo "1770"]

1. d4 Nf6 2. Bf4 d5 3. Nf3 e6 4. e3 Be7 5. Bd3 O-O 6. Nbd2 Nbd7 7. c3 c5 8. h3
Nh5 9. Bh2 c4 10. Bc2 b5 11. Qb1 Nhf6 12. Ne5 h6 13. Ndf3 Bb7 14. O-O Qc7 15.
Nxd7 Qxd7 16. Ne5 Qd8 17. b3 Ne4 18. Bxe4 dxe4 19. bxc4 a6 20. Rc1 Rc8 21. cxb5
axb5 22. Qxb5 Re8 23. Qxb7 Rc7 24. Qxe4 Bd6 25. c4 1-0

[Event "AUTO-INT-3052"]
[Site "http://www.queenalice.com/game.php?id=1410628"]
[Date "2016.2.22"]
[Round "2"]
[White "bvb09"]
[Black "vierad2"]
[Result "1-0"]
[WhiteElo "2064"]
[BlackElo "1574"]

1. d4 d5 2. Bf4 f5 3. Nf3 Nc6 4. e3 Nf6 5. Bd3 h6 6. O-O e6 7. Ne5 g5 8. Bg3 Ng4
9. Nxg4 fxg4 10. Qxg4 h5 11. Bg6+ Kd7 12. Bxh5 Qf6 13. f4 Bh6 14. f5 exf5 15.
Rxf5 Ke7 16. Rxf6 Bxg4 17. Rxc6 1-0

[Event "AUTO-INT-3052"]
[Site "http://www.queenalice.com/game.php?id=1410629"]
[Date "2016.2.22"]
[Round "2"]
[White "vierad2"]
[Black "bvb09"]
[Result "0-1"]
[WhiteElo "1576"]
[BlackElo "2062"]

1. e4 c5 2. d4 cxd4 3. Qxd4 Nc6 4. Qa4 e5 5. c3 Nf6 6. Bg5 Be7 7. Bxf6 Bxf6 8.
Nd2 O-O 9. O-O-O a6 10. Ngf3 Qb6 11. Nc4 Qxf2 12. b4 b5 13. Qc2 Qxc2+ 14. Kxc2
bxc4 15. Bxc4 h6 16. h4 Ra7 0-1